|
|
|
|
| LEADER |
00000nab a2200000 ar4500 |
| 001 |
vtls008957902 |
| 003 |
SK-MaSNL |
| 005 |
20260305032940.0 |
| 008 |
070322c2007 xo dr|p|||||||000 b|slo |
| 015 |
|
|
|a SNBRB2007/03
|2 snkbucl
|
| 038 |
|
|
|a SNKBUCL
|
| 040 |
|
|
|a SNKBUCL
|b slo
|c SNKBUCL
|e AACR2
|
| 041 |
|
|
|a slo
|
| 044 |
|
|
|a xo
|c SK
|
| 072 |
|
7 |
|a 614.8
|x Úrazy a ich prevencia
|2 konspekt
|
| 080 |
|
|
|a 623.483
|x (437.6)
|2 2001
|
| 080 |
|
|
|a 614.833
|x (437.6)
|2 2001
|
| 080 |
|
|
|a 354.61
|x (437.6)
|2 2001
|
| 100 |
1 |
|
|a Kern, Miroslav
|4 aut
|9 892967
|
| 245 |
1 |
0 |
|a Kašický demisiu nepodal
|b odvolal sa na to, že má podporu premiéra a necíti priamu zodpovednosť
|c Miroslav Kern
|
| 300 |
|
|
|b Fotogr.
|
| 500 |
|
|
|a Od 15.1.2007 návrat k pôvodnému vročeniu
|
| 600 |
1 |
7 |
|a Kašický, František,
|d 1968-
|2 snkbucl
|9 11519
|
| 610 |
2 |
7 |
|a Vojenský opravárenský podnik (Nováky, Slovensko)
|2 snkbucl
|9 99974
|
| 648 |
|
7 |
|a 2.3.2007
|2 snkbucl
|9 1060506
|
| 650 |
0 |
7 |
|a vojenská munícia
|2 snkbucl
|9 115405
|
| 650 |
0 |
7 |
|a výbuchy
|2 snkbucl
|9 29936
|
| 651 |
|
7 |
|a Nováky (Slovensko)
|2 snkbucl
|9 58253
|
| 651 |
|
7 |
|a Prievidza (Slovensko : okres)
|2 snkbucl
|9 71029
|
| 773 |
0 |
|
|t Sme
|g Roč. 15, č. 54 (6.3.2007), s. 4
|x 1335-440X
|
| 852 |
|
|
|a SNK
|b KIS3GCP
|
| 958 |
|
|
|a SK
|
| 999 |
|
|
|c 3322261
|d 3324191
|